000 00796nam a2200253 a 4500
001 000011068
003 DO-SdBNP
005 20240412074222.0
007 ta
008 091014e2004 dr a er 001 pdspa d
020 _a9993404306
040 _aDO-SdBNP
_bspa
_cBNPHU
082 4 _222
_aRD861.44
_bR589e
100 1 _aRipley, Geo,
_d1950-
_910915
245 1 0 _aEspejo de la pitonisa :
_bescritura del cuerpo (cantos telúricos) /
_cGeo Ripley.
260 _aSanto Domingo :
_bCocolo,
_c2004
300 _a155 p. :
_bil. ;
_c23 cm.
500 _aIncluye datos biográficos del autor en la contracubierta
590 _aInventariado, 2018/BT
650 0 _aPoesía dominicana
_966
650 0 _aLiteratura dominicana.
_967
910 _aValidado. Control de calidad. MMOLINA
942 _2ddc
_cLBS1
999 _c10793
_d10793